Statistics for Countries with the Most Billionaires

Click here to take the quiz!

General Stats

  • This quiz has been taken 133,381 times
    (57,885 since last reset)
  • The average score is 17 of 21

Answer Stats

# Country % Correct
624United States
100%
385China
98%
58United Kingdom
97%
102Russia
96%
46France
96%
115Germany
95%
34Japan
93%
41Canada
92%
106India
91%
28Spain
90%
33Australia
89%
37Italy
89%
57Brazil
89%
37South Korea
75%
29Sweden
75%
34Switzerland
72%
27Turkey
60%
22Israel
60%
24Singapore
58%
31Thailand
53%
40Taiwan
48%

Score Distribution

Percentile by Number Answered

Percent of People with Each Score

Your Score History

You have not taken this quiz since the last reset